000 01266nam0a2200289 4500
001 RU\NLR\BIBL_A\022393863
005 20250627122928.0
035 _a(NLR Aleph) 022393863
090 _a13332653
_c13332653
100 _a20241127d1960 |||y0rusy50 ca
101 0 _akhk
_crus
102 _aRU
105 _aa z 000 y
181 0 _ai
_baxxe
182 0 _an
200 1 _aАрифметика
_eхакасскай пасталығ школанынъ 4-ӌi клазына учебник
_fА. С. Пчёлко, Г. Б. Поляк
_gРСФСР-нынъ педагогическай наукалар академиязы
203 _aТекст
_bвизуальный
_cнепосредственный
210 _aАбакан
_cХак. кн. изд-во
_d1960
215 _a145,[2] с.
_cил.
_d22
541 1 _aАрифметика
_eучебник для 4 кл. нач. шк.
_zrus
686 1 _aВ10 я71
700 1 _4070
_7ca
_8rus
_aПчёлко
_bА. С.
_f1890-1981
_gАлександр Спиридонович
_9215713
_3RU\NLR\AUTH\770215769
701 1 _4070
_7ca
_8rus
_aПоляк
_bГ. Б.
_f1894-
_gГригорий Борисович
_9223415
_3RU\NLR\AUTH\770223471
852 _aNLR
_bОНЛ
_jХакас./3-292
942 _cBOOK
980 _aNB